<?xml version="1.0" encoding="UTF-8"?>
<record
    xmlns:xsi="http://www.w3.org/2001/XMLSchema-instance"
    xsi:schemaLocation="http://www.loc.gov/MARC21/slim http://www.loc.gov/standards/marcxml/schema/MARC21slim.xsd"
    xmlns="http://www.loc.gov/MARC21/slim">

  <leader>01107aab a2200193 i 4500</leader>
  <controlfield tag="001">768714001</controlfield>
  <controlfield tag="003">CO-MdFUSB</controlfield>
  <controlfield tag="005">20240618062717.0</controlfield>
  <controlfield tag="008">221108s1998    ag ||||| |||| 00| 0 spa d</controlfield>
  <datafield tag="040" ind1=" " ind2=" ">
    <subfield code="b">spa</subfield>
    <subfield code="c">CO-MdFUSB</subfield>
    <subfield code="d">CO-MdFUSB</subfield>
  </datafield>
  <datafield tag="041" ind1=" " ind2=" ">
    <subfield code="a">spa</subfield>
  </datafield>
  <datafield tag="100" ind1="1" ind2=" ">
    <subfield code="a">Brepohl, Dieter</subfield>
    <subfield code="e">autor</subfield>
  </datafield>
  <datafield tag="245" ind1="1" ind2="0">
    <subfield code="a">Misi&#xF3;n en la universidad latinoamericana :</subfield>
    <subfield code="b">40 A&#xF1;os de la Comunidad Internacional de Estudiantes Evang&#xE9;licos (CIEE)</subfield>
    <subfield code="c">/ Dieter Brepohl</subfield>
  </datafield>
  <datafield tag="300" ind1=" " ind2=" ">
    <subfield code="a">Volumen 17, n&#xFA;mero 1 (enero - marzo, 1998), p&#xE1;ginas: 6 - 10</subfield>
    <subfield code="c">; 27 cm</subfield>
  </datafield>
  <datafield tag="520" ind1=" " ind2=" ">
    <subfield code="a">La universidad ha sido desde sus comienzos foco de vanguardia en la sociedad. Tambi&#xE9;n, muchos de los movimientos de renovaci&#xF3;n cristiana tuvieron su inicio en la universidad e influyeron posteriormente en la iglesia y en toda la sociedad.
Este ser&#xE1; el tiempo de un nuevo y gran avance en la obra estudiantil, para que la universidad latinoamericana escuche la voz de Dios y adore a Jesucristo.</subfield>
  </datafield>
  <datafield tag="650" ind1=" " ind2="0">
    <subfield code="a">Misiones</subfield>
    <subfield code="9">154</subfield>
  </datafield>
  <datafield tag="773" ind1="0" ind2=" ">
    <subfield code="t">Iglesia y Misi&#xF3;n</subfield>
    <subfield code="0">49402</subfield>
    <subfield code="9">59635</subfield>
    <subfield code="g">Volumen 17, n&#xFA;mero 1 (enero - marzo, 1998), p&#xE1;ginas: 6-10</subfield>
    <subfield code="q">P&#xE1;ginas: 6</subfield>
  </datafield>
  <datafield tag="942" ind1=" " ind2=" ">
    <subfield code="c">ANA</subfield>
  </datafield>
  <datafield tag="999" ind1=" " ind2=" ">
    <subfield code="c">52277</subfield>
    <subfield code="d">52277</subfield>
  </datafield>
</record>
